Most Populated Island Countries - Statistics

General Stats
  • This quiz has been taken 642 times
  • The average score is 17 of 20
Answer Stats
Population Answer % Correct
266.911.900 Indonesia
98%
126.150.000 Japan
96%
66.435.600 United Kingdom
95%
11.209.628 Cuba
94%
25.680.342 Madagascar
93%
4.937.260 New Zealand
93%
21.803.000 Sri Lanka
91%
4.921.500 Ireland
90%
11.577.779 Haiti
89%
108.394.000 Philippines
89%
23.593.794 Taiwan
88%
2.726.667 Jamaica
87%
10.358.320 Dominican Republic
85%
8.558.800 Papua New Guinea
77%
884.887 Fiji
75%
5.703.600 Singapore
75%
1.359.193 Trinidad and Tobago
70%
1.387.149 East Timor
64%
1.543.300 Bahrain
62%
1.265.985 Mauritius
60%
No matching quizzes found
Score Distribution
Percent of People with Each Score
Percentile by Number Answered
Your Score History
You have not taken this quiz